Echinoderms from continental shelf and slope around Japan
Gardado en:
| Formato: | Libro |
|---|---|
| Idioma: | inglés |
| Publicado: |
Tokio
Japan Fisheries Resource Conservation Association
1990
|
| Subjects: | |
| Tags: |
Engadir etiqueta
Sen Etiquetas, Sexa o primeiro en etiquetar este rexistro!
|
MARC
| LEADER | 00000nam a2200000 a 4500 | ||
|---|---|---|---|
| 001 | UCY0483 | ||
| 003 | CL-VaPUC | ||
| 008 | 940803e19900000JA |||||||||||||||||eng|d | ||
| 082 | 0 | 4 | |a 593.9095 |b ECH |2 21 |
| 245 | 1 | 0 | |a Echinoderms from continental shelf and slope around Japan |
| 300 | |a v | ||
| 942 | |c BK | ||
| 945 | |d 19940803 00:00:00 |a mfernand | ||
| 260 | |a Tokio |b Japan Fisheries Resource Conservation Association |c 1990 | ||
| 650 | 7 | |a EQUINODERMOS OBRAS ILUSTRADAS |2 CL-VaPUC |9 328219 | |
| 583 | |a last modification |c 19940803 00:00:00 |k Rodrigo Vera | ||
| 999 | |c 229476 |d 229474 | ||
| 952 | |0 0 |1 0 |2 ddc |4 0 |6 593_909500000000000_ECH_1990 |7 0 |8 CCM |9 230662 |a BIBCUR |b BIBCUR |c PAC |d 2019-11-15 |h v.1 |i 3001806 |o 593.9095 ECH 1990 |p 3001806 |r 2025-04-22 |w 2019-11-15 |y BK |k CIM | ||